Online katalóg knižníc regiónu Turca

Šťastné konce, nešťastný svet (Record no. 22220)

MARC details
000 -LEADER
fixed length control field 01462cam a2200421 a 4500
001 - CONTROL NUMBER
control field 22220
003 - CONTROL NUMBER IDENTIFIER
control field VRT
005 - DATE AND TIME OF LATEST TRANSACTION
control field 20260323134253.0
008 - FIXED-LENGTH DATA ELEMENTS--GENERAL INFORMATION
fixed length control field 240313s2013 xo g 000 f slo
015 ## - NATIONAL BIBLIOGRAPHY NUMBER
National bibliography number SNBA2014/02
020 ## - INTERNATIONAL STANDARD BOOK NUMBER
International Standard Book Number 9788022206549
Qualifying information (viaz.)
035 ## - SYSTEM CONTROL NUMBER
System control number 46DD3017-2C54-4D36-86C7-EAB653FACD4F
035 ## - SYSTEM CONTROL NUMBER
System control number urn:nbn:sk:snk-amjntb
035 ## - SYSTEM CONTROL NUMBER
System control number urn:nbn:sk:snk-am000xfs
039 #9 - LEVEL OF BIBLIOGRAPHIC CONTROL AND CODING DETAIL [OBSOLETE]
Level of rules in bibliographic description 202403131725
Level of effort used to assign nonsubject heading access points VLOAD
Level of effort used to assign subject headings 201604301103
Level of effort used to assign classification VLOAD
Level of effort used to assign subject headings 201604290825
Level of effort used to assign classification VLOAD
Level of effort used to assign subject headings 201602050907
Level of effort used to assign classification mbpksh04
040 ## - CATALOGING SOURCE
Original cataloging agency POKPOH
Language of cataloging slo
Transcribing agency POKPOH
Modifying agency SNK
Description conventions AACR2
041 0# - LANGUAGE CODE
Language code of text/sound track or separate title slo
044 ## - COUNTRY OF PUBLISHING/PRODUCING ENTITY CODE
MARC country code xo
ISO country code SK
072 #7 - SUBJECT CATEGORY CODE
Subject category code 821.162.4-3
Subject category code subdivision Slovenská próza
Source konspekt
080 ## - UNIVERSAL DECIMAL CLASSIFICATION NUMBER
Universal Decimal Classification number 821.162.4-31
Edition identifier 2001
100 1# - MAIN ENTRY--PERSONAL NAME
Personal name Bartková, Alica,
Dates associated with a name 1982-
Relationship aut
245 10 - TITLE STATEMENT
Title Šťastné konce, nešťastný svet
Statement of responsibility, etc. Alica Bartková
250 ## - EDITION STATEMENT
Edition statement 1. vyd.
260 ## - PUBLICATION, DISTRIBUTION, ETC.
Place of publication, distribution, etc. Bratislava
Name of publisher, distributor, etc. Tatran
Date of publication, distribution, etc. 2013
300 ## - PHYSICAL DESCRIPTION
Extent 154 s.
Dimensions 21 cm
500 ## - GENERAL NOTE
General note Mimo edície
655 #7 - INDEX TERM--GENRE/FORM
Genre/form data or focus term slovenské romány
Source of term SNKPH
655 #7 - INDEX TERM--GENRE/FORM
Genre/form data or focus term Slovak fiction
Source of term SNKPHeng
910 ## - USER-OPTION DATA (OCLC)
User-option data bpksh
942 ## - ADDED ENTRY ELEMENTS (KOHA)
Source of classification or shelving scheme Dewey Decimal Classification
Koha item type Krásna literatúra pre dospelých
Suppress in OPAC No
949 ## - LOCAL PROCESSING INFORMATION (OCLC)
6 270001000439160
a svkbbA 140444
b svkbbm 741720
949 ## - LOCAL PROCESSING INFORMATION (OCLC)
6 17A1102266
a snkSC 157742
b snk2014/1764
o 201/13
949 ## - LOCAL PROCESSING INFORMATION (OCLC)
6 273K0580459
a svkpoA 222773
b svkpo577780
949 ## - LOCAL PROCESSING INFORMATION (OCLC)
6 17A1103803
a snkSC 157742 D1
b snk2014/4093
o 201/14
s 6100:20210923
949 ## - LOCAL PROCESSING INFORMATION (OCLC)
6 2889206753
a savukPV 18634
b savuk2014/320
949 ## - LOCAL PROCESSING INFORMATION (OCLC)
6 3869A12840
a bpksh821.162.4-31
b bpksh67038
949 ## - LOCAL PROCESSING INFORMATION (OCLC)
6 3869A18191
a bpksh821.162.4-31
b bpksh68587
Holdings
Stav vyradenia Strata Poškodenie Spôsob nadobudnutia Domovská knižnica Aktuálna knižnica Dátum nadobudnutia Cena Total checkouts Čiarový kód exemplára Date last seen Typ exemplára
      Kúpa Obecná knižnica Horná Štubňa Obecná knižnica Horná Štubňa 23.03.2026 8.90   9788022206549 23.03.2026 Krásna literatúra pre dospelých
      Dar Obecná knižnica Turčianska Štiavnička Obecná knižnica Turčianska Štiavnička 26.03.2026     4738000764 26.03.2026 Krásna literatúra pre dospelých
Projekt je podporený Slovenskou asociáciou knižníc
Prevádzkuje Turčianska knižnica Martin 2026